[Event "Puhajarve rap op 23rd"]
[Site "Puhajarve"]
[Date "2023.11.25"]
[Round "12"]
[White "Zhu, Chen"]
[Black "Isakovs, Janis"]
[Result "1/2-1/2"]
[WhiteElo "2423"]
[BlackElo "1888"]
[PlyCount "136"]
[EventDate "2023.11.24"]
[EventType "tourn (rapid)"]
[EventRounds "33"]
[EventCountry "EST"]
[SourceTitle "CB49_2023"]
[SourceDate "2023.12.06"]
[SourceVersion "1"]
[SourceVersionDate "2023.12.06"]
[SourceQuality "1"]

1. d4 c5 2. d5 e6 3. c4 exd5 4. cxd5 d6 5. e4 a6 6. a4 g6 7. Nc3 Bg7 8. Bd3 Ne7 9. Nge2 0-0 10. 0-0 Nd7 11. f4 Kh8 12. Kh1 f5 13. Qe1 Nf6 14. exf5 Bxf5 15. Bc4 Neg8 16. Qh4 Ne4 17. Qxd8 Raxd8 18. Nxe4 Bxe4 19. Ng3 Bf5 20. Nxf5 Rxf5 21. Ra3 Nf6 22. Rb3 b5 23. axb5 axb5 24. Rxb5 Nxd5 25. g4 Nc7 26. gxf5 Nxb5 27. Bxb5 Rb8 28. Bd3 gxf5 29. Bxf5 Bxb2 30. Bxb2+ Rxb2 31. Be6 Kg7 32. Rd1 Rb6 33. Kg2 Kf6 34. Bg8 h6 35. Kf3 Rb4 36. Rxd6+ Ke7 37. Rxh6 Rb2 38. h4 Kf8 39. Bd5 Rd2 40. Rh5 Kg7 41. Rg5+ Kf6 42. h5 Rd3+ 43. Ke2 Ra3 44. Bg8 Ra4 45. Kf3 Ra3+ 46. Kg4 Ra1 47. Kf3 Ra3+ 48. Kf2 Ra1 49. h6 Rh1 50. h7 c4 51. Rc5 Kg7 52. Rxc4 Rh2+ 53. Kg3 Rh6 54. Kg4 Rg6+ 55. Kf3 Rh6 56. Rc7+ Kf8 57. Kg4 Ke8 58. Bd5 Kd8 59. Ra7 Kc8 60. h8Q+ Rxh8 61. Ra8+ Kc7 62. Rxh8 Kd6 63. Be4 Ke6 64. Rh6+ Ke7 65. Kf5 Kd7 66. Ke5 Kc7 67. Kd4 Kd7 68. Kc5 Ke8 1/2-1/2

[Event "Puhajarve rap op 23rd"]
[Site "Puhajarve"]
[Date "2023.11.25"]
[Round "17"]
[White "Zhu, Chen"]
[Black "Krupenski, Igor"]
[Result "0-1"]
[WhiteElo "2423"]
[BlackElo "2255"]
[PlyCount "114"]
[EventDate "2023.11.24"]
[EventType "tourn (rapid)"]
[EventRounds "33"]
[EventCountry "EST"]
[SourceTitle "CB49_2023"]
[SourceDate "2023.12.06"]
[SourceVersion "1"]
[SourceVersionDate "2023.12.06"]
[SourceQuality "1"]

1. d4 Nf6 2. c4 e6 3. Nf3 d5 4. Nc3 Be7 5. Bg5 h6 6. Bh4 0-0 7. e3 Nbd7 8. cxd5 exd5 9. Bd3 c5 10. 0-0 b6 11. Ne5 Bb7 12. f4 Ne4 13. Bxe4 dxe4 14. Bxe7 Qxe7 15. Nxd7 Qxd7 16. dxc5 Qxd1 17. Rfxd1 bxc5 18. Rd7 Bc6 19. Rd6 Rfc8 20. Rad1 Rab8 21. R1d2 Kf8 22. f5 Ke7 23. Kf2 Rxb2 24. Kg3 Rxd2 25. Rxd2 Rb8 26. Kf4 Rb4 27. g4 Rc4 28. Ne2 a5 29. h4 a4 30. g5 hxg5+ 31. hxg5 a3 32. Ng3 Rb4 33. Rc2 Rb2 34. Rxc5 Rf2+ 35. Kg4 Kd6 36. Ra5 Rxa2 37. Ra7 Bd5 38. g6 fxg6 39. fxg6 Rg2 40. Rxa3 Ke5 41. Ra5 Rd2 42. Nh5 Kd6 43. Nxg7 Ke7 44. Nh5 Rg2+ 45. Kf5 Be6+ 46. Kxe4 Rxg6 47. Nf4 Rh6 48. Re5 Kd6 49. Ra5 Bd7 50. Kd4 Bc6 51. Rg5 Rh1 52. Rg6+ Kd7 53. Ke5 Re1 54. Rg7+ Kc8 55. Kd6 Bf3 56. Re7 Bh1 57. Nd3 Rd1 0-1

[Event "Wch Blitz (Women)"]
[Site "Riadh"]
[Date "2017.12.30"]
[Round "17"]
[White "Javakhishvili, Lela"]
[Black "Zhu, Chen"]
[Result "0-1"]
[WhiteElo "2449"]
[BlackElo "2423"]
[PlyCount "144"]
[EventDate "2017.12.29"]
[EventType "swiss (blitz)"]
[EventRounds "21"]
[EventCountry "SAU"]
[SourceTitle "CBM 182 Extra"]
[Source "ChessBase"]
[SourceDate "2018.02.23"]
[SourceVersion "1"]
[SourceVersionDate "2018.02.23"]
[SourceQuality "1"]

1. c4 e5 2. g3 Nf6 3. Bg2 c6 4. Nf3 e4 5. Nd4 d5 6. d3 exd3 7. cxd5 Nxd5 8. 0-0 Be7 9. Qxd3 0-0 10. Rd1 Na6 11. e4 Ndb4 12. Qe2 Qa5 13. a3 c5 14. Nf5 Nc6 15. Nc3 Bxf5 16. exf5 Bf6 17. Nd5 Bd4 18. f6 g6 19. Bd2 Qd8 20. Qg4 Nc7 21. Nxc7 Qxc7 22. Qg5 Qe5 23. Bf4 Qxf6 24. Qxf6 Bxf6 25. Rac1 Bd4 26. Bxc6 bxc6 27. Be3 Bxe3 28. fxe3 Rab8 29. Rxc5 Rxb2 30. Rxc6 Re8 31. Rd3 Re7 32. Rf6 Rc7 33. Rf2 Rb6 34. Kg2 Kg7 35. Rfd2 Ra6 36. Kf3 Re7 37. e4 Rf6+ 38. Ke3 Rfe6 39. Rd4 f5 40. Rb2 Rxe4+ 41. Rxe4 Rxe4+ 42. Kf3 Re7 43. Rb5 Rd7 44. Ra5 Rb7 45. h4 Kf7 46. Ra6 Kg7 47. Kf4 Kh6 48. g4 fxg4 49. Kxg4 Rd7 50. Kg3 Rf7 51. Kg4 Rc7 52. Kg3 Kg7 53. Kg4 Kf7 54. h5 gxh5+ 55. Kxh5 Ke7 56. Kh6 Kd8 57. Kh5 Kc8 58. Kh6 Kb7 59. Ra4 Kb6 60. Rb4+ Kc5 61. Rb8 a5 62. a4 Kc4 63. Rb5 Rc5 64. Rb1 Rc7 65. Rb5 Ra7 66. Kh5 Kc3 67. Kh6 Kd4 68. Rg5 Kd3 69. Rb5 Kc4 70. Kh5 Ra6 71. Rb7 Rc6 72. Rb5 Rc5+ 0-1

[Event "Wch Blitz (Women)"]
[Site "Riadh"]
[Date "2017.12.30"]
[Round "16"]
[White "Zhu, Chen"]
[Black "Bodnaruk, Anastasia"]
[Result "1-0"]
[WhiteElo "2423"]
[BlackElo "2428"]
[PlyCount "145"]
[EventDate "2017.12.29"]
[EventType "swiss (blitz)"]
[EventRounds "21"]
[EventCountry "SAU"]
[SourceTitle "CBM 182 Extra"]
[Source "ChessBase"]
[SourceDate "2018.02.23"]
[SourceVersion "1"]
[SourceVersionDate "2018.02.23"]
[SourceQuality "1"]

1. e4 c5 2. Nf3 d6 3. Bb5+ Bd7 4. c4 g6 5. 0-0 Bg7 6. Nc3 Nf6 7. d4 cxd4 8. Nxd4 Nc6 9. Nxc6 bxc6 10. Ba4 0-0 11. c5 Ne8 12. Be3 Qa5 13. Rc1 Rd8 14. Bb3 Bc8 15. cxd6 exd6 16. Qc2 Nc7 17. Ne2 c5 18. Rfd1 Bb7 19. f3 Rfe8 20. Bg5 Rd7 21. Bf4 Qb6 22. Kh1 Ne6 23. Be3 a5 24. Rb1 Bc6 25. Bd5 Bxd5 26. Rxd5 Nc7 27. Rd2 Red8 28. Rbd1 Qc6 29. Nc3 Be5 30. Nd5 Nxd5 31. Rxd5 Qb7 32. b3 Qb5 33. Qd3 Qxd3 34. R1xd3 f5 35. exf5 gxf5 36. f4 Bg7 37. g3 a4 38. Bxc5 axb3 39. axb3 Rb8 40. Bxd6 Rb6 41. b4 Bf6 42. Bc5 Rxd5 43. Rxd5 Re6 44. Rxf5 Bc3 45. Rd5 Re2 46. b5 Rb2 47. b6 Kf7 48. Rd7+ Ke6 49. Rd3 Ba5 50. g4 h6 51. Rd6+ Kf7 52. Rxh6 Bd2 53. Rh7+ Kg6 54. Rh8 Bxf4 55. Kg1 Kg5 56. h3 Bg3 57. Kf1 Bf4 58. Ke1 Kg6 59. h4 Be5 60. Re8 Bg3+ 61. Kd1 Bxh4 62. Re6+ Kf7 63. Rc6 Bg3 64. g5 Bf4 65. g6+ Ke8 66. g7 Kf7 67. Bd4 Rg2 68. Ke1 Rg4 69. Kf1 Rg3 70. Rc8 Rg4 71. b7 Rg3 72. b8Q Bxb8 73. Rxb8 1-0

[Event "Wch Blitz (Women)"]
[Site "Riadh"]
[Date "2017.12.30"]
[Round "12"]
[White "Zhu, Chen"]
[Black "Girya, Olga"]
[Result "0-1"]
[WhiteElo "2423"]
[BlackElo "2484"]
[PlyCount "158"]
[EventDate "2017.12.29"]
[EventType "swiss (blitz)"]
[EventRounds "21"]
[EventCountry "SAU"]
[SourceTitle "CBM 182 Extra"]
[Source "ChessBase"]
[SourceDate "2018.02.23"]
[SourceVersion "1"]
[SourceVersionDate "2018.02.23"]
[SourceQuality "1"]

1. e4 c6 2. d4 d5 3. e5 Bf5 4. Nd2 e6 5. Nb3 Nd7 6. Nf3 Qc7 7. Be2 c5 8. 0-0 c4 9. Nbd2 h6 10. b3 c3 11. Nb1 Bb4 12. a3 Qa5 13. Bd3 Ne7 14. Bxf5 Nxf5 15. g4 Ne7 16. Qd3 Ng6 17. Re1 Rc8 18. Kg2 Be7 19. Kg3 h5 20. h3 a6 21. a4 b5 22. Be3 b4 23. Ng1 Qb6 24. Ne2 a5 25. Rg1 Qc7 26. Kg2 Nh4+ 27. Kf1 hxg4 28. hxg4 Nf3 29. Rg3 Nh4 30. Rg1 g5 31. Ng3 Nf8 32. Nh5 Nfg6 33. Qb5+ Kf8 34. Ke2 Rg8 35. Qd3 Nf4+ 36. Bxf4 gxf4 37. Nxf4 Ng6 38. Nh5 Bg5 39. Kf1 Qc6 40. Qb5 Ke7 41. Qxa5 Rb8 42. Qa7+ Rb7 43. Qc5+ Qxc5 44. dxc5 Rc8 45. a5 Rxc5 46. a6 Ra7 47. Ra4 Rb5 48. Ke2 Rb6 49. Rf1 Nf4+ 50. Nxf4 Bxf4 51. Rh1 Raxa6 52. Rxa6 Rxa6 53. Kf3 Bxe5 54. Ke3 Ra1 55. f4 Bd6 56. Kf3 Ra2 57. Rh2 Rb2 58. Nxc3 bxc3 59. Ke3 Bc5+ 60. Kd3 d4 61. Ke4 Rb1 62. Kd3 Bb6 63. Kc4 Rd1 64. b4 Rd2 65. Rh8 Rxc2 66. Rb8 Bc7 67. Rb7 Kd6 68. Kxd4 Kc6 69. Kd3 Rc1 70. Ra7 c2 71. Ra2 Bxf4 72. Rb2 Rd1+ 73. Kxc2 Rd2+ 74. Kc3 Rxb2 75. Kxb2 Kb5 76. Kc3 Bd6 77. Kd4 Bxb4 78. Ke5 Be7 79. Kf4 f6 0-1

[Event "Wch Blitz (Women)"]
[Site "Riadh"]
[Date "2017.12.30"]
[Round "18"]
[White "Zhu, Chen"]
[Black "Goryachkina, Aleksandra"]
[Result "1/2-1/2"]
[WhiteElo "2423"]
[BlackElo "2486"]
[PlyCount "228"]
[EventDate "2017.12.29"]
[EventType "swiss (blitz)"]
[EventRounds "21"]
[EventCountry "SAU"]
[SourceTitle "CBM 182 Extra"]
[Source "ChessBase"]
[SourceDate "2018.02.23"]
[SourceVersion "1"]
[SourceVersionDate "2018.02.23"]
[SourceQuality "1"]

1. e4 Nf6 2. e5 Nd5 3. d4 d6 4. Nf3 Bf5 5. Be2 e6 6. 0-0 dxe5 7. Nxe5 Bd6 8. Nc4 0-0 9. Nxd6 cxd6 10. c4 Nf6 11. Nc3 Nc6 12. Be3 Bg6 13. Rc1 a6 14. Re1 Rc8 15. h3 h6 16. a3 d5 17. c5 Re8 18. Bf4 Nd7 19. Bf3 Bf5 20. b4 Qf6 21. Ne2 Be4 22. Bxe4 dxe4 23. Bd6 Rcd8 24. Qc2 Nxd4 25. Qxe4 Nc6 26. Ng3 e5 27. Rc3 Qe6 28. Nf5 Nf6 29. Qf3 e4 30. Qf4 Nd5 31. Qg4 g6 32. Rg3 Kh7 33. Ne3 Nxe3 34. Rgxe3 f5 35. Qg3 Nd4 36. Rd1 Qc4 37. Kh2 Nb5 38. h4 Qe6 39. Qf4 Rd7 40. a4 Nxd6 41. cxd6 Red8 42. Rc3 g5 43. hxg5 Rxd6 44. Rc7+ Kh8 45. Rxd6 Rxd6 46. gxh6 Qxh6+ 47. Qxh6+ Rxh6+ 48. Kg3 Rb6 49. Rc4 Kg7 50. Kf4 Kf6 51. Rd4 Kg6 52. g4 fxg4 53. Kxg4 Re6 54. Kf4 Rf6+ 55. Ke3 Rf3+ 56. Ke2 Ra3 57. a5 Kf5 58. Rd7 Ra2+ 59. Ke3 Ra3+ 60. Ke2 Ra2+ 61. Kf1 Kf4 62. Rxb7 Rb2 63. Rb6 Kf3 64. Rf6+ Kg4 65. Rxa6 Rxb4 66. Rf6 Kg5 67. Rb6 Ra4 68. a6 Ra2 69. Ke1 Kf5 70. Rh6 Ke5 71. Kf1 Kd5 72. Kg1 Kc5 73. Kf1 Kb5 74. Re6 Kc5 75. Rxe4 Rxa6 76. Ke2 Kd5 77. Re8 Ra3 78. Kf1 Kd6 79. Kg2 Kd7 80. Re1 Kd6 81. f3 Ra8 82. Kg3 Rg8+ 83. Kf4 Rf8+ 84. Kg4 Rg8+ 85. Kh4 Rh8+ 86. Kg3 Rg8+ 87. Kf2 Kd7 88. f4 Re8 89. Rd1+ Ke7 90. Kf3 Kf7 91. Kg4 Re6 92. Rd7+ Ke8 93. Ra7 Rb6 94. Kg5 Kf8 95. Rc7 Rb5+ 96. Kf6 Rb6+ 97. Ke5 Rb5+ 98. Ke6 Rb6+ 99. Kf5 Rb5+ 100. Kg4 Ra5 101. f5 Ra6 102. Kg5 Rb6 103. Rc8+ Kf7 104. Rc7+ Kf8 105. Rh7 Ra6 106. Rb7 Rc6 107. Kf4 Ra6 108. Ke5 Ra5+ 109. Kf6 Ra6+ 110. Kg5 Rc6 111. Rh7 Ra6 112. Rh6 Rxh6 113. Kxh6 Kf7 114. Kg5 Kg7 1/2-1/2

[Event "Wch Blitz (Women)"]
[Site "Riadh"]
[Date "2017.12.29"]
[Round "1"]
[White "Badelka, Olga"]
[Black "Zhu, Chen"]
[Result "0-1"]
[WhiteElo "2388"]
[BlackElo "2423"]
[PlyCount "77"]
[EventDate "2017.12.29"]
[EventType "swiss (blitz)"]
[EventRounds "21"]
[EventCountry "SAU"]
[SourceTitle "CBM 182 Extra"]
[Source "ChessBase"]
[SourceDate "2018.02.23"]
[SourceVersion "1"]
[SourceVersionDate "2018.02.23"]
[SourceQuality "1"]

1. c4 e5 2. g3 Nf6 3. Bg2 c6 4. d4 exd4 5. Qxd4 d6 6. Nc3 Be7 7. Nf3 0-0 8. 0-0 Be6 9. b3 Qb6 10. Bb2 Qxd4 11. Nxd4 Bd7 12. Rad1 Na6 13. e4 Rad8 14. Rfe1 Bg4 15. f3 Bc8 16. a3 Nc7 17. b4 Rfe8 18. g4 Bf8 19. Nf5 g6 20. Ng3 Nd7 21. f4 Nb6 22. h3 Nxc4 23. Bc1 Bg7 24. Nce2 Nb5 25. a4 Nc7 26. Nd4 c5 27. bxc5 dxc5 28. Nf3 Ne6 29. Bf1 Nb6 30. Bb5 Bd7 31. Bxd7 Nxd7 32. e5 Nb6 33. f5 Nd4 34. Nxd4 cxd4 35. e6 fxe6 36. fxe6 Nxa4 37. Bg5 Rd5 38. Bf4 Nc3 39. Rd3 0-1

[Event "Wch Blitz (Women)"]
[Site "Riadh"]
[Date "2017.12.29"]
[Round "3"]
[White "Sebag, Marie"]
[Black "Zhu, Chen"]
[Result "0-1"]
[WhiteElo "2492"]
[BlackElo "2423"]
[PlyCount "148"]
[EventDate "2017.12.29"]
[EventType "swiss (blitz)"]
[EventRounds "21"]
[EventCountry "SAU"]
[SourceTitle "CBM 182 Extra"]
[Source "ChessBase"]
[SourceDate "2018.02.23"]
[SourceVersion "1"]
[SourceVersionDate "2018.02.23"]
[SourceQuality "1"]

1. e4 e5 2. Nf3 Nc6 3. Bb5 Nf6 4. d3 Bc5 5. Bxc6 dxc6 6. Nbd2 Nd7 7. Nb3 Bd6 8. Be3 c5 9. 0-0 0-0 10. c3 Re8 11. Re1 b6 12. Nbd2 Bb7 13. Nf1 Nf8 14. Ng3 g6 15. Qd2 Ne6 16. Rad1 a5 17. a3 Bc6 18. Bh6 f6 19. Be3 Ba4 20. Rc1 Qd7 21. d4 exd4 22. cxd4 cxd4 23. Nxd4 Nxd4 24. Qxd4 Be5 25. Qc4+ Kh8 26. b3 Bb5 27. Qc2 Bd3 28. Qd2 Bb5 29. Qxd7 Bxd7 30. f4 Bd6 31. Bd4 Bxf4 32. Bxf6+ Kg8 33. Rcd1 Be6 34. e5 b5 35. Ne4 Bg4 36. Rd5 c6 37. Rd6 Rac8 38. h3 Bf5 39. g4 Be6 40. Nc5 Bd5 41. Rd7 Bh6 42. Nb7 Re6 43. Nc5 Ree8 44. Nb7 Re6 45. Nxa5 Bf8 46. b4 Rce8 47. Nb7 Rxf6 48. exf6 Rxe1+ 49. Kf2 Re4 50. Kg3 Re3+ 51. Kf4 Re1 52. Nc5 h6 53. Nd3 Rf1+ 54. Ke5 g5 55. Nc5 Bxc5 56. bxc5 Kf8 57. Rh7 Re1+ 58. Kd4 Rf1 59. Ke5 Re1+ 60. Kd4 Re4+ 61. Kd3 Rf4 62. Rxh6 Kf7 63. Rh7+ Kxf6 64. Rh8 Rf3+ 65. Kd4 Rf4+ 66. Kd3 Ra4 67. Rf8+ Kg7 68. Rf5 Kg6 69. Re5 Rxa3+ 70. Kd4 Ra4+ 71. Kd3 Ra3+ 72. Kd4 Rxh3 73. Re8 Rg3 74. Ke5 Re3+ 0-1

[Event "Wch Blitz (Women)"]
[Site "Riadh"]
[Date "2017.12.29"]
[Round "4"]
[White "Zhu, Chen"]
[Black "Lei, Tingjie"]
[Result "0-1"]
[WhiteElo "2423"]
[BlackElo "2528"]
[PlyCount "98"]
[EventDate "2017.12.29"]
[EventType "swiss (blitz)"]
[EventRounds "21"]
[EventCountry "SAU"]
[SourceTitle "CBM 182 Extra"]
[Source "ChessBase"]
[SourceDate "2018.02.23"]
[SourceVersion "1"]
[SourceVersionDate "2018.02.23"]
[SourceQuality "1"]

1. e4 c6 2. d4 d5 3. e5 Bf5 4. Nd2 e6 5. Nb3 Nd7 6. Nf3 Qc7 7. Be2 c5 8. Bf4 c4 9. Nc1 h6 10. 0-0 Ne7 11. b3 cxb3 12. cxb3 Nc6 13. Bd3 Bg4 14. Be3 Bb4 15. Be2 Bc3 16. Rb1 Qb6 17. Qc2 Bxd4 18. Nxd4 Nxd4 19. Bxd4 Qxd4 20. Bxg4 Qxg4 21. Nd3 0-0 22. Qc7 Rfd8 23. Qxb7 Qf5 24. Rfd1 Nxe5 25. Nxe5 Qxe5 26. Rbc1 Rab8 27. Qxa7 Ra8 28. Qe7 Re8 29. Qd7 Qb2 30. Rc7 Rf8 31. Ra7 Rxa7 32. Qxa7 Rc8 33. h3 Qe2 34. Rf1 Rc2 35. a4 Qd3 36. Qb8+ Kh7 37. a5 Rb2 38. b4 Qc4 39. Qb7 Kg6 40. a6 Rxb4 41. Qa8 Ra4 42. a7 Qc5 43. Qb8 Rxa7 44. Qb1+ f5 45. Re1 Kf6 46. Qb2+ d4 47. f4 Kf7 48. Kh1 Qd5 49. Rd1 Ra2 0-1

[Event "Asian Indoor Games (Women) 5th"]
[Site "Ashkhabad"]
[Date "2017.09.23"]
[Round "5"]
[White "Antonova, Nadezhda"]
[Black "Zhu, Chen"]
[Result "0-1"]
[WhiteElo "2024"]
[BlackElo "2424"]
[PlyCount "100"]
[EventDate "2017.09.21"]
[EventType "swiss"]
[EventRounds "7"]
[EventCountry "TKM"]
[SourceTitle "CBM 180 Extra"]
[Source "ChessBase"]
[SourceDate "2017.10.06"]
[SourceVersion "1"]
[SourceVersionDate "2017.10.06"]
[SourceQuality "1"]

1. d4 d6 2. Nf3 Nf6 3. Nbd2 Nbd7 4. e4 e5 5. c3 Be7 6. Bd3 0-0 7. 0-0 Re8 8. Re1 Bf8 9. a4 a5 10. Nc4 h6 11. Bd2 c6 12. dxe5 dxe5 13. b4 b6 14. Qc1 Ba6 15. Nh4 Nc5 16. bxc5 Qxd3 17. Nb2 Qd8 18. cxb6 Ng4 19. Nf5 Bc5 20. Ne3 Nxe3 21. Bxe3 Qxb6 22. Bxc5 Qxc5 23. Qc2 Rab8 24. Red1 Re7 25. Rd2 Reb7 26. Nd3 Bxd3 27. Qxd3 Rb3 28. Rc1 Rxc3 29. Rxc3 Qxc3 30. f3 Qa1+ 31. Kf2 Qxa4 32. Rc2 f6 33. Qc3 Rd8 34. Kg3 Kh7 35. Qc5 Rd7 36. Rb2 Qd4 37. Qa3 Qa7 38. Rc2 a4 39. Ra2 Rd4 40. Rc2 Qf7 41. Rb2 Qg6+ 42. Kf2 Qg5 43. g4 Qc1 44. Qa2 Rd3 45. Kg2 Qf4 46. Rf2 a3 47. Qc4 Rd2 48. Qxc6 a2 49. Qa6 Rxf2+ 50. Kxf2 Qxh2+ 0-1

[Event "Asian Indoor Games (Women) 5th"]
[Site "Ashkhabad"]
[Date "2017.09.21"]
[Round "1"]
[White "Alattar, Ghayda M"]
[Black "Zhu, Chen"]
[Result "0-1"]
[WhiteElo "1982"]
[BlackElo "2424"]
[PlyCount "46"]
[EventDate "2017.09.21"]
[EventType "swiss"]
[EventRounds "7"]
[EventCountry "TKM"]
[SourceTitle "CBM 180 Extra"]
[Source "ChessBase"]
[SourceDate "2017.10.06"]
[SourceVersion "1"]
[SourceVersionDate "2017.10.06"]
[SourceQuality "1"]

1. d4 Nf6 2. Nc3 d5 3. Bg5 Nbd7 4. e3 h6 5. Bxf6 Nxf6 6. Nf3 e6 7. a3 a6 8. Be2 c5 9. 0-0 Bd6 10. Re1 b5 11. Bf1 Bb7 12. Ne5 Rc8 13. f4 0-0 14. Qf3 b4 15. axb4 cxb4 16. Nd1 Rxc2 17. Bd3 Rd2 18. Qf1 Bxe5 19. fxe5 Ne4 20. Bxa6 Bxa6 21. Qxa6 Qc8 22. Qa4 Qc4 23. Rf1 Qe2 0-1

[Event "World-ch (Women) k.o."]
[Site "Tehran"]
[Date "2017.02.13"]
[Round "2.1"]
[White "Zhu, Chen"]
[Black "Ju, Wenjun"]
[Result "0-1"]
[WhiteElo "2419"]
[BlackElo "2583"]
[PlyCount "52"]
[EventDate "2017.02.11"]
[EventType "k.o."]
[EventRounds "7"]
[EventCountry "IRI"]
[SourceTitle "CBM 177"]
[Source "ChessBase"]
[SourceDate "2017.03.16"]
[SourceVersion "1"]
[SourceVersionDate "2017.03.16"]
[SourceQuality "1"]

1. d4 Nf6 2. c4 e6 3. Nc3 Bb4 4. f3 d5 5. a3 Bxc3+ 6. bxc3 0-0 7. cxd5 exd5 8. e3 Nh5 9. g4 Qh4+ 10. Kd2 Ng3 11. Qe1 Nxf1+ 12. Qxf1 f5 13. gxf5 Bxf5 14. c4 c5 15. Bb2 cxd4 16. Bxd4 Nc6 17. Ne2 dxc4 18. Qg2 Bg6 19. Rac1 b5 20. f4 Nxd4 21. Nxd4 Rad8 22. Rhf1 Qf6 23. Qg1 Qa6 24. Rc3 b4 25. axb4 Qa2+ 26. Kd1 Qb1+ 0-1

[Event "Wch Blitz (Women)"]
[Site "Doha"]
[Date "2016.12.29"]
[Round "4"]
[White "Zhu, Chen"]
[Black "Sloan, Julia Elizabeth"]
[Result "1-0"]
[WhiteElo "2419"]
[BlackElo "2173"]
[PlyCount "51"]
[EventDate "2016.12.29"]
[EventType "swiss (blitz)"]
[EventRounds "17"]
[EventCountry "QAT"]
[SourceTitle "CBM 176 Extra"]
[Source "ChessBase"]
[SourceDate "2017.03.02"]
[SourceVersion "1"]
[SourceVersionDate "2017.03.02"]
[SourceQuality "1"]

1. d4 d6 2. e4 Nd7 3. Nf3 e5 4. c3 h6 5. Bd3 c6 6. a4 Ngf6 7. 0-0 Be7 8. Re1 Qc7 9. Nbd2 b6 10. Nf1 Nf8 11. Ng3 g6 12. h3 Be6 13. Be3 g5 14. Nh2 Ng6 15. Nf5 Bxf5 16. exf5 Nf8 17. dxe5 dxe5 18. Bc4 N8d7 19. Qe2 0-0 20. h4 Nh7 21. Qh5 Kg7 22. Ng4 Ndf6 23. Qxh6+ Kh8 24. Nxf6 Bxf6 25. hxg5 Bg7 26. Qh5 1-0